| 000 -ლიდერი |
| ფიქსირებული სიგრძის საკონტროლო ველი |
01628nam a2200277Ia 4500 |
| 001 - საკონტროლო ნომერი |
| საკონტროლო ველი |
17586 |
| 003 - საკონტროლო ნომრის იდენტიფიკატორი |
| საკონტროლო ველი |
GE_BSU |
| 005 - ბოლო ოპერაციის თარიღი და დრო |
| საკონტროლო ველი |
20200220111610.0 |
| 008 - ფიქსირებული სიგრძის მონაცემთა ელემენტები - ზოგადი ინფორმაცია |
| ფიქსირებული სიგრძის საკონტროლო ველი |
181216s2011 xx |||||||||||||| ||geo|| |
| 020 ## - წიგნის საერთაშორისო სტანდარტული ნომერი |
| International Standard Book Number |
978-9941-5160-9 |
| 040 ## - კატალოგიზაციის წყარო |
| Transcribing agency |
GE_BSU |
| 041 ## - ენის კოდი |
| Language code of text/sound track or separate title |
geo |
| 080 ## - უნივერსალური ათობითი კლასიფიკაციის ინდექსი |
| Universal Decimal Classification number |
528(075.8) თ-71 |
| 100 ## - მთავარი ჩანაწერი - პიროვნების სახელი |
| Personal name |
თოლორდავა, რევაზ. |
| 9 (RLIN) |
7203 |
| 245 ## - ცნობა სათაურის შესახებ |
| Title |
ტოპოგრაფია გეოდეზიის საფუძვლებით : |
| Remainder of title |
(სახელმძღვ.) / |
| Statement of responsibility, etc |
რევაზ თოლორდავა ; რედ : ჯანსუღ კეკელია ; თენგიზ გორდეზიანი. |
| 250 ## - გამოცემის ცნობა |
| Edition statement |
სოხუმის სახელმწ. უნ-ტი. |
| 264 ## - წარმოების, გამოცემის, დისტრიბუციის და სხვა ცნობები |
| გამოცემის, წარმოების, დისტრიბუციის... ადგილი |
თბილისი : |
| გამოცემის, წარმოების, დისტრიბუციის... სახელწოდება |
[გეოიდი-2011], |
| გამოცემის, წარმოების, დისტრიბუციის... თარიღი |
2014. |
| 300 ## - ფიზიკური აღწერა |
| Extent |
238 გვ ; |
| Other physical details |
ნახ. ცხრ; |
| Dimensions |
28 სმ. |
| 504 ## - BIBLIOGRAPHY, ETC. NOTE |
| Bibliography, etc |
ბიბლიოგრ.: გვ. 231-233. |
| 653 ## - INDEX TERM--UNCONTROLLED |
| Uncontrolled term |
გეოგრაფია |
| 653 ## - INDEX TERM--UNCONTROLLED |
| Uncontrolled term |
გეოდეზია - სახელმძღვანელოები უმაღლესი სასწავლებლებისათვის; ტოპოგრაფია - სახელმძღვანელოები უმაღლესი სასწავლებლებისათვის; |
| 700 ## - ADDED ENTRY--PERSONAL NAME |
| Personal name |
კეკელია, ჯანსუღ |
| Relator term |
რედაქტორი |
| 9 (RLIN) |
7202 |
| 700 ## - ADDED ENTRY--PERSONAL NAME |
| Personal name |
გორდეზიანი, თენგიზ |
| Relator term |
რედაქტორი |
| 9 (RLIN) |
7204 |
| 710 ## - ADDED ENTRY--CORPORATE NAME |
| Relator term |
სოხუმის სახელმწ. უნ-ტი. |
| 9 (RLIN) |
7205 |
| 942 ## - ADDED ENTRY ELEMENTS (KOHA) |
| Koha item type |
წიგნი |
| Source of classification or shelving scheme |
|